| Tag |
First Indicator |
Second Indicator |
Subfields |
| LEADER |
00000pam a2200000 i 4500 |
| 001 |
in00000356721 |
| 005 |
20151011063518.0 |
| 008 |
750926s1976 maua b 00110 eng |
| 010 |
|
|
|a 75033043
|
| 020 |
|
|
|z 0876260806.
|
| 020 |
|
|
|a 0876260792 (pbk.)
|
| 035 |
|
|
|a (OCoLC)01735430
|
| 035 |
|
|
|9 ABN2551AM
|
| 040 |
|
|
|a DLC
|c DLC
|d TXA
|d UtOrBLW
|
| 043 |
|
|
|a n-us---
|
| 049 |
|
|
|a TXAM
|c [1534925]
|
| 050 |
0 |
0 |
|a E185.61
|b .B23
|
| 082 |
0 |
|
|a 323.1/19/6073
|
| 100 |
1 |
|
|a Barker, Lucius Jefferson,
|d 1928-
|
| 245 |
1 |
0 |
|a Black Americans and the political system /
|c Lucius J. Barker, Jesse J. McCorry, Jr.
|
| 264 |
|
1 |
|a Cambridge, Mass. :
|b Winthrop Publishers,
|c [1976]
|
| 264 |
|
4 |
|c ©1976
|
| 300 |
|
|
|a ix, 383 pages :
|b illustrations ;
|c 23 cm.
|
| 336 |
|
|
|a text
|b txt
|2 rdacontent
|
| 337 |
|
|
|a unmediated
|b n
|2 rdamedia
|
| 338 |
|
|
|a volume
|b nc
|2 rdacarrier
|
| 504 |
|
|
|a Includes bibliographies and index.
|
| 650 |
|
0 |
|a African Americans
|x Politics and government.
|
| 651 |
|
0 |
|a United States
|x Politics and government
|y 1945-1953.
|
| 651 |
|
0 |
|a United States
|x Politics and government
|y 1945-1989.
|
| 700 |
1 |
|
|a McCorry, Jesse J.,
|d 1935-
|
| 999 |
|
|
|a MARS
|
| 999 |
f |
f |
|s eaf6968b-0d0a-34e5-ad0e-fdbdde20983a
|i dba3367c-d709-3464-b761-f1c24a5ad724
|t 0
|
| 952 |
f |
f |
|p ric
|a Texas A&M University
|b Rellis Campus
|c Joint Library Facility
|d Remote Storage
|t 0
|e E185.61 .B23
|h Library of Congress classification
|i unmediated -- volume
|m A14802186859
|
| 998 |
f |
f |
|a E185.61 .B23
|t 0
|l Remote Storage
|